Немецко-русский и русско-немецкий словарь: около 25 000 слов с грамматическими таблицами

Detalles Bibliográficos
Otros Autores: Полак Г. (редактор), Линдер Е.
Lenguaje:ruso
alemán
Publicado: Москва, ЮНВЕС, 2001
Materias:
Formato: MixedMaterials Libro
KOHA link:https://koha.lib.tpu.ru/cgi-bin/koha/opac-detail.pl?biblionumber=44430

MARC

LEADER 00000nam0a2200000 4500
001 44430
005 20231031022255.0
010 |a 588682040X 
035 |a (RuTPU)RU\TPU\book\46106 
090 |a 44430 
100 |a 20021114d2001 m y0rusy50 ca 
101 0 |a rus  |a ger 
102 |a RU 
105 |a y e 000zy 
200 1 |a Немецко-русский и русско-немецкий словарь  |e около 25 000 слов с грамматическими таблицами  |f под ред. Г. Полак, Е. Линдер 
210 |a Москва  |c ЮНВЕС  |d 2001 
215 |a 832 с. 
610 1 |a немецкий язык 
610 1 |a словари 
610 1 |a лексика 
610 1 |a параллельные словари 
686 |a Ш143.24-48  |v LBC/SL-A  |2 rubbk 
702 1 |a Полак  |b Г.  |4 340 
702 1 |a Линдер  |b Е.  |4 340 
801 1 |a RU  |b 63413507  |c 20021114  |g PSBO 
801 2 |a RU  |b 63413507  |c 20060214  |g PSBO 
942 |c BK